[Event "Rostock SSC 07 op 09th"]
[Site "Rostock"]
[Date "2010.08.12"]
[Round "2"]
[White "Schreiber, Nico"]
[Black "Moebius, Mathias"]
[Result "1-0"]
[WhiteElo "1842"]
[BlackElo "1243"]
[PlyCount "59"]
[EventDate "2010.08.11"]
[EventType "swiss"]
[EventRounds "7"]
[EventCountry "GER"]
[SourceTitle "EXT 2017"]
[Source "ChessBase"]
[SourceDate "2016.10.25"]
[SourceVersion "1"]
[SourceVersionDate "2016.10.25"]
[SourceQuality "1"]

1. d4 d5 2. Bf4 e6 3. e3 c5 4. c3 Bd7 5. Nf3 a6 6. Nbd2 Nc6 7. e4 Nge7 8. dxc5 Ng6 9. Be3 dxe4 10. Nxe4 Qc7 11. Nd6+ Bxd6 12. cxd6 Qd8 13. Qb3 Na5 14. Qb4 b5 15. Be2 0-0 16. 0-0 Bc6 17. Rad1 Nb7 18. c4 a5 19. Qb3 bxc4 20. Qxc4 Bd5 21. Rxd5 exd5 22. Qxd5 Qb8 23. d7 Nd8 24. Bc5 Nf4 25. Qd2 Nxe2+ 26. Qxe2 Ne6 27. Bxf8 Nxf8 28. Rd1 Qd8 29. Ne5 Ra7 30. Nc6 1-0